| 000 | 00582nam a22001817a 4500 | ||
|---|---|---|---|
| 003 | OSt | ||
| 005 | 20150408113835.0 | ||
| 008 | 110628t xxu||||| |||| 00| 0 eng d | ||
| 020 | _a9957381903 | ||
| 040 |
_amu _bara _cmb |
||
| 082 |
_221 _a371.95 _bق م ا |
||
| 100 |
_aقطناني ، محمد حسن _9572 |
||
| 245 |
_aاسس رعاية وتعليم الموهوبين والمتفوقين _cمحمد حسن قطناني |
||
| 260 |
_aعمان _bدار جرير للنش _c2011 |
||
| 300 |
_a568 ص _c24 سم |
||
| 650 |
_aالموهوبون _xتعليم _9573 |
||
| 942 |
_2ddc _cBOOK |
||
| 999 |
_c8694 _d243194 |
||